000 00482nam a2200193 a 4500
001 1754977880767
003 ACL
005 20250812112354.0
008 250812s1992##################000#0#eng##
020 _a9780140446067
082 0 4 _a700
_bBAU
100 1 _aBaudelaire, Charles,
_eauthor.
245 1 0 _aSelected Writings on Art and Literature :
260 _bPenguin Classics,
_c1992.
300 _a468 pages
650 0 _aArt.
942 _cENGLISH
040 _aACL
_beng
_cACL
999 _c580890
_d580890